Les joueurs à plus de 10 matchs en Premier League (2024/25) - Statistiques

Statistiques générales
  • Ce quiz a été pris 16 fois
    2 depuis la dernière actualisation
  • Le résultat moyen est 125 sur 407
Statistiques - réponses
Matchs club Joueur % Correct
26 Southampton Aaron Ramsdale
100%
31 Newcastle Alexander Isak
100%
33 Liverpool Alexis Mac Allister
100%
10 Ipswich Town Alex Palmer
100%
24 Liverpool Alisson
100%
22 Aston Villa Amadou Onana
100%
33 Manchester United André Onana
100%
31 Liverpool Andrew Robertson
100%
29 Newcastle Anthony Gordon
100%
10 Southampton Ben Brereton Diaz
100%
13 Arsenal Ben White
100%
29 Manchester City Bernardo Silva
100%
22 Aston Villa Boubacar Kamara
100%
33 Manchester United Bruno Fernandes
100%
35 Brentford Bryan Mbeumo
100%
21 Arsenal Bukayo Saka
100%
33 Chelsea Cole Palmer
100%
26 Liverpool Darwin Nuñez
100%
32 Arsenal Declan Rice
100%
23 Liverpool Diogo Jota
100%
32 Liverpool Dominik Szoboszlai
100%
22 Manchester City Ederson
100%
33 Aston Villa Emiliano Martinez
100%
32 Chelsea Enzo Fernandez
100%
28 Manchester City Erling Haaland
100%
28 Arsenal Gabriel
100%
17 Arsenal Gabriel Jesus
100%
29 Arsenal Gabriel Martinelli
100%
14 Liverpool Harvey Elliott
100%
28 Liverpool Ibrahima Konaté
100%
29 Everton Iliman Ndiaye
100%
30 Manchester City Ilkay Gündogan
100%
32 Bournemouth Ilya Zabarnyi
100%
35 Crystal Palace Ismaïla Sarr
100%
32 Leicester City Jamie Vardy
100%
34 Crystal Palace Jean-Philippe Mateta
100%
25 Manchester City Jérémy Doku
100%
11 Manchester City John Stones
100%
26 Wolverhampton José Sa
100%
33 Manchester City Josko Gvardiol
100%
28 Nottingham Forest Jota Silva
100%
21 Arsenal Kai Havertz
100%
27 Bournemouth Kepa Arrizabalaga
100%
24 Manchester City Kevin de Bruyne
100%
15 Manchester City Kyle Walker
100%
34 Arsenal Leandro Trossard
100%
20 Manchester United Lisandro Martinez
100%
30 Aston Villa Lucas Digne
100%
33 Liverpool Luis Diaz
100%
32 Chelsea Marc Cucurella
100%
25 Manchester United / Aston Villa Marcus Rashford
100%
26 Arsenal Martin Odegaard
100%
32 Southampton Mateus Fernandes
100%
12 Tottenham Micky Van de Ven
100%
34 Bournemouth Milos Kerkez
100%
34 Liverpool Mohamed Salah
100%
31 Nottingham Forest Morgan Gibbs-White
100%
10 Manchester City Nathan Aké
100%
28 Chelsea Nicolas Jackson
100%
32 Tottenham Pape Matar Sarr
100%
25 Manchester City Phil Foden
100%
15 Chelsea Reece James
100%
26 Manchester City Rico Lewis
100%
23 Manchester City Ruben Dias
100%
34 Liverpool Ryan Gravenberch
100%
27 Manchester City Savinho
100%
30 Liverpool Trent Alexander-Arnold
100%
34 Liverpool Virgil Van Dijk
100%
14 Chelsea Wesley Fofana
100%
32 Arsenal William Saliba
100%
22 Manchester United Amad Diallo
50%
35 Nottingham Forest Anthony Elanga
50%
33 Bournemouth Antoine Semenyo
50%
24 Tottenham Archie Gray
50%
13 Chelsea / Aston Villa Axel Disasi
50%
32 Brighton & Hove Albion Bart Verbruggen
50%
22 Ipswich Town Ben Johnson
50%
34 Fulham Bernd Leno
50%
23 Leicester City Bobby de Cordova-Reid
50%
31 Tottenham Brennan Johnson
50%
34 Newcastle Bruno Guimarães
50%
30 Nottingham Forest Callum Hudson-Odoi
50%
10 Liverpool Caoimhin Kelleher
50%
22 Manchester United Casemiro
50%
18 Tottenham Christian Romero
50%
31 Liverpool Cody Gakpo
50%
15 Liverpool Conor Bradley
50%
29 Liverpool Curtis Jones
50%
33 Newcastle Dan Burn
50%
34 Arsenal David Raya
50%
35 Crystal Palace Dean Henderson
50%
28 Bournemouth Dean Huijsen
50%
24 Tottenham Destiny Udogie
50%
10 Aston Villa Diego Carlos
50%
12 Brighton & Hove Albion Diego Gomez
50%
32 Manchester United Diogo Dalot
50%
25 Tottenham Dominic Solanke
50%
30 Crystal Palace Eberechi Eze
50%
34 Nottingham Forest Elliott Anderson
50%
30 Aston Villa Ezri Konsa
50%
30 Newcastle Fabian Schär
50%
28 Brighton & Hove Albion Georginio Rutter
50%
22 Tottenham Guglielmo Vicario
50%
23 Manchester United Harry Maguire
50%
29 Newcastle Harvey Barnes
50%
28 Tottenham Heung-Min Son
50%
33 Everton Idrissa Gueye
50%
19 Manchester City Jack Grealish
50%
31 Newcastle Jacob Murphy
50%
17 Everton Jake O'Brien
50%
15 Southampton James Bree
50%
31 Tottenham James Maddison
50%
33 Everton James Tarkowski
50%
28 Southampton Jan Bednarek
50%
30 Brighton & Hove Albion Jan Paul Van Hecke
50%
11 Liverpool Jarell Quansah
50%
20 Aston Villa Jhon Duran
50%
12 Chelsea João Felix
50%
29 Newcastle Joelinton
50%
29 Newcastle Joe Willock
50%
30 Aston Villa John McGinn
50%
34 Everton Jordan Pickford
50%
30 Arsenal Jurrien Timber
50%
30 Bournemouth Justin Kluivert
50%
33 Brighton & Hove Albion Kaoru Mitoma
50%
18 Fulham Kenny Tete
50%
23 Newcastle Kieran Trippier
50%
12 Chelsea Kiernan Dewsbury-Hall
50%
21 Manchester United Kobbie Mainoo
50%
16 Liverpool Kostas Tsimikas
50%
32 Southampton Kyle Walker-Peters
50%
27 Newcastle Lawis Hall
50%
11 Newcastle Lawis Miley
50%
19 Manchester United Leny Yoro
50%
31 Chelsea Levi Colwill
50%
24 Brighton & Hove Albion Lewis Dunk
50%
33 Ipswich Town Liam Delap
50%
10 Newcastle Lloyd Kelly
50%
28 Chelsea Malo Gusto
50%
22 Manchester City Manuel Akanji
50%
26 Manchester United Manuel Ugarte
50%
34 Brentford Mark Flekken
50%
12 Manchester United Mason Mount
50%
28 Manchester City Mateo Kovacic
50%
29 Wolverhampton Matheus Cunha
50%
23 Manchester City Matheus Nunes
50%
11 Everton Michael Keane
50%
35 Brentford Mikkel Damsgaard
50%
34 Chelsea Moisés Caicedo
50%
19 Arsenal Myles Lewis-Skelly
50%
13 Crystal Palace Nathaniel Clyne
50%
32 Nottingham Forest Neco Williams
50%
24 Newcastle Nick Pope
50%
34 Manchester United Noussair Mazraoui
50%
34 Aston Villa Ollie Watkins
50%
27 Ipswich Town Omari Hutchinson
50%
12 Manchester City Omar Marmoush
50%
20 Aston Villa Pau Torres
50%
31 Tottenham Pedro Porro
50%
16 Tottenham Radu Dragusin
50%
15 Arsenal Raheem Sterling
50%
17 Arsenal Riccardo Calafiori
50%
12 Tottenham Richarlison
50%
28 Chelsea Robert Sanchez
50%
23 Tottenham Rodrigo Bentancur
50%
12 Chelsea Roméo Lavia
50%
32 Newcastle Sandro Tonali
50%
13 Manchester City Stefan Ortega
50%
31 Southampton Taylor Harwood-Bellis
50%
31 Arsenal Thomas Partey
50%
33 Newcastle Tino Livramento
50%
30 Southampton Tyler Dibling
50%
17 Liverpool Wataru Endo
50%
30 Crystal Palace Will Hughes
50%
14 Southampton Will Smallbone
50%
30 Leicester City Wout Faes
50%
28 Brighton & Hove Albion Yankuba Minteh
50%
32 Brentford Yoane Wissa
50%
24 Tottenham Yves Bissouma
50%
14 West Ham Aaron Cresswell
0%
32 West Ham Aaron Wan-Bissaka
0%
30 Everton Abdoulaye Doucouré
0%
20 Southampton Adam Armstrong
0%
31 Fulham Adama Traoré
0%
14 Southampton Adam Lallana
0%
22 Bournemouth Adam Smith
0%
11 Brighton & Hove Albion Adam Webster
0%
20 Crystal Palace Adam Wharton
0%
33 Manchester United Alejandro Garnacho
0%
34 Fulham Alex Iwobi
0%
15 Nottingham Forest Alex Moreno
0%
17 Bournemouth Alex Scott
0%
18 Ipswich Town Alex Tuanzebe
0%
11 Ipswich Town Ali Al-Hamadi
0%
23 West Ham Alphonse Areola
0%
29 Wolverhampton André
0%
31 Fulham Andreas Pereira
0%
10 West Ham Andrew Irving
0%
33 Fulham Antonee Robinson
0%
18 Ipswich Town Arijanet Muric
0%
10 Everton Armando Broja
0%
28 Everton Ashley Young
0%
13 Tottenham Ben Davies
0%
26 Everton Beto
0%
29 Leicester City Bilal El Khannous
0%
27 Leicester City Boubacary Soumaré
0%
17 Brighton & Hove Albion Brajan Gruda
0%
18 Leicester City Caleb Okoli
0%
13 Newcastle Callum Wilson
0%
31 Fulham Calvin Bassey
0%
31 Southampton Cameron Archer
0%
16 Ipswich Town Cameron Burgess
0%
11 Everton Carlos Alcaraz
0%
30 Brighton & Hove Albion Carlos Baleba
0%
10 Wolverhampton Carlos Forbs
0%
28 West Ham Carlos Soler
0%
21 Crystal Palace Chris Richards
0%
20 Manchester United Christian Eriksen
0%
31 Brentford Christian Norgaard
0%
27 Chelsea Christopher Nkunku
0%
33 Nottingham Forest Chris Wood
0%
18 Ipswich Town Conor Chaplin
0%
18 Leicester City Conor Coady
0%
15 Wolverhampton Craig Dawson
0%
19 West Ham Crysencio Summerville
0%
31 Crystal Palace Daichi Kamada
0%
31 Bournemouth Dango Ouattara
0%
12 Bournemouth Daniel Jebbison
0%
15 West Ham Danny Ings
0%
27 Brighton & Hove Albion Danny Welbeck
0%
31 Ipswich Town Dara O'Shea
0%
25 Bournemouth David Brooks
0%
30 Tottenham Dejan Kulusevski
0%
34 Crystal Palace Daniel Muñoz
0%
27 Leicester City Mads Hermansen
0%
28 Brentford Sepp Van den Berg
0%
13 Brighton & Hove Albion Tariq Lamptey
0%
31 West Ham Tomas Soucek
0%
21 Tottenham Djed Spence
0%
22 Everton Dominic Calvert-Lewin
0%
11 Aston Villa Donyell Malen
0%
17 Everton Dwight McNeil
0%
26 Crystal Palace Eddie Nketiah
0%
25 West Ham Edson Alvarez
0%
29 West Ham Emerson
0%
29 Fulham Emile Smith Rowe
0%
12 Aston Villa Emiliano Buendia
0%
12 Wolverhampton Emmanuel Agbadou
0%
17 Bournemouth Enes Ünal
0%
24 Arsenal Ethan Nwaneri
0%
22 Brentford Ethan Pinnock
0%
13 Brighton & Hove Albion Evan Ferguson
0%
27 Bournemouth Evanilson
0%
19 Brentford Fabio Carvalho
0%
29 Leicester City Facundo Buonanotte
0%
23 Southampton Flynn Downes
0%
22 Ipswich Town George Hirst
0%
25 Wolverhampton Gonçalo Guedes
0%
20 West Ham Guido Rodriguez
0%
11 Fulham Harrison Reed
0%
21 Fulham Harry Wilson
0%
22 Leicester City Harry Winks
0%
19 Wolverhampton Hee-Chan Hwang
0%
25 Aston Villa Ian Maatsen
0%
10 Nottingham Forest Ibrahim Sangaré
0%
12 Brighton & Hove Albion Igor
0%
21 Fulham Issa Diop
0%
11 Leicester City Issahaku Fatawu
0%
28 Ipswich Town Jack Clarke
0%
30 Everton Jack Harrison
0%
22 Brighton & Hove Albion Jack Hinshelwood
0%
16 Southampton Jack Stephens
0%
28 Ipswich Town Jack Taylor
0%
21 Ipswich Town Jacob Greaves
0%
26 Aston Villa Jacob Ramsey
0%
21 Aston Villa / Ipswich Town Jaden Philogene
0%
28 Chelsea Jadon Sancgo
0%
13 Arsenal Jakub Kiwior
0%
17 Everton James Garner
0%
10 Bournemouth James Hill
0%
32 Leicester City James Justin
0%
13 Manchester City James McAtee
0%
20 West Ham / Nottingham Forest James Ward-Prowse
0%
18 Leicester City Jannik Vestergaard
0%
27 Everton Jarrad Branthwaite
0%
30 West Ham Jarrod Bowen
0%
23 West Ham Jean-Clair Todibo
0%
31 Wolverhampton Jean-Ricner Bellegarde
0%
30 Crystal Palace Jefferson Lerma
0%
12 Crystal Palace Jeffrey Schlupp
0%
26 Ipswich Town Jens Cajuste
0%
25 Everton Jesper Lindstrom
0%
25 Fulham Joachim Andersen
0%
32 Wolverhampton João Gomes
0%
27 Brighton & Hove Albion João Pedro
0%
30 Southampton Joe Aribo
0%
19 Brighton & Hove Albion Joël Veltman
0%
26 Leicester City Jordan Ayew
0%
32 Wolverhampton Jorgen Strand Larsen
0%
14 Arsenal Jorginho
0%
32 Manchester United Joshua Zirkzee
0%
22 Brighton & Hove Albion / Ipswich Town Julio Enciso
0%
20 Crystal Palace Justin Devenny
0%
18 Ipswich Town Kalvin Phillips
0%
22 Southampton Kamaldeen Sulemana
0%
14 Leicester City Kasey McAteer
0%
35 Brentford Keane Lewis-Potter
0%
35 Brentford Kevin Schade
0%
10 Arsenal Kieran Tierney
0%
30 West Ham Konstantinos Mavropanos
0%
22 Brentford Kristoffer Ajer
0%
31 Ipswich Town Leif Davis
0%
23 Aston Villa Leon Bailey
0%
23 Southampton Lesley Ugochukwu
0%
33 Bournemouth Lewis Cook
0%
27 Tottenham Lucas Bergvall
0%
30 West Ham Lucas Paqueta
0%
11 West Ham Luis Guilherme
0%
12 Bournemouth Luis Sinisterra
0%
13 West Ham Lukasz Fabianski
0%
10 Leicester City Luke Thomas
0%
14 Ipswich Town Luke Woolfenden
0%
33 Crystal Palace Marc Guéhi
0%
15 Bournemouth Marco Senesi
0%
25 Bournemouth Marcus Tavernier
0%
17 Wolverhampton Mario Lemina
0%
10 Wolverhampton Marshall Munetsi
0%
10 Newcastle Martin Dubravka
0%
21 Brentford Mathias Jensen
0%
19 Brentford Mats Roerslev
0%
21 Brighton & Hove Albion Mats Wieffer
0%
27 Wolverhampton Matt Doherty
0%
28 Manchester United Matthijs De Ligt
0%
17 Brighton & Hove Albion Matt O'Riley
0%
23 Aston Villa Matty Cash
0%
35 Nottingham Forest Matz Sels
0%
32 Crystal Palace Maxence Lacroix
0%
34 West Ham Maximilian Kilman
0%
14 West Ham Michail Antonio
0%
25 Arsenal Mikel Merino
0%
28 West Ham Mohammed Kudus
0%
24 Nottingham Forest Morato
0%
33 Aston Villa Morgan Rogers
0%
34 Nottingham Forest Murillo
0%
16 Ipswich Town Nathan Broadhead
0%
35 Brentford Nathan Collins
0%
30 Wolverhampton Nelson Semedo
0%
14 West Ham Niclas Füllkrug
0%
31 Nottingham Forest Nicolas Dominguez
0%
34 Nottingham Forest Nikola Milenkovic
0%
28 Chelsea Noni Madueke
0%
32 Nottingham Forest Ola Aina
0%
12 Arsenal Oleksandr Zinchenko
0%
14 West Ham Oliver Scarles
0%
20 Leicester City Oliver Skipp
0%
19 Everton Orel Mangala
0%
20 Wolverhampton Pablo Sarabia
0%
20 Leicester City Patson Daka
0%
23 Southampton Paul Onuachu
0%
31 Chelsea Pedro Neto
0%
27 Brighton & Hove Albion Pervis Estupiñan
0%
10 Bournemouth Philip Billing
0%
19 Nottingham Forest Ramon Sos
0%
29 Manchester United Rasmus Hojlund
0%
34 Fulham Raul Jimenéz
0%
33 Wolverhampton Rayan Aït-Nouri
0%
11 Fulham Reiss Nelson
0%
21 Wolverhampton Rodrigo Gomes
0%
31 Fulham Rodrigo Muniz
0%
17 Aston Villa Ross Barkley
0%
29 Bournemouth Ryan Christie
0%
22 Southampton Ryan Manning
0%
12 Fulham Ryan Sessegnon
0%
32 Nottingham Forest Ryan Yates
0%
19 Ipswich Town Sammie Szmodics
0%
29 Ipswich Town Sam Morsy
0%
27 Fulham Sander Berge
0%
27 Wolverhampton Santiago Bueno
0%
26 Fulham Sasa Lukic
0%
24 Newcastle Sean Longstaff
0%
25 Brighton & Hove Albion Simon Adingra
0%
30 Leicester City Stephy Mavididi
0%
25 Nottingham Forest Taiwo Awoniyi
0%
16 Everton Tim Iroegbunam
0%
23 Fulham Timothy Castagne
0%
18 Tottenham Timo Werner
0%
21 Fulham Tom Cairney
0%
24 Wolverhampton Tommy Doyle
0%
20 Chelsea Tosin Adarabioyo
0%
27 Wolverhampton Toti
0%
23 Chelsea Trevoh Chalobah
0%
24 Bournemouth Tyler Adams
0%
35 Crystal Palace Tyrick Mitchell
0%
13 Aston Villa Tyrone Mings
0%
28 Leicester City Victor Kristiansen
0%
12 Manchester United Victor Lindelöf
0%
31 Everton Vitaliy Mykolenko
0%
32 Brentford Vitaly Janelt
0%
18 West Ham Vladimir Coufal
0%
18 Ipswich Town Wes Burns
0%
25 Leicester City Wilfred Ndidi
0%
11 Newcastle William Osula
0%
12 Tottenham Wilson Odobert
0%
30 Brighton & Hove Albion Yasin Ayari
0%
28 Brentford Yegor Yarmolyuk
0%
34 Aston Villa Youri Tielemans
0%
29 Southampton Yukinari Sugawara
0%
Aucun quiz correspondant
Distribution des résultats
% des personnes avec chaque résultat
Percentile par nombre de réponses
Votre historique - résultats
Vous n’avez pas pris ce quiz depuis la dernière actualisation